00710nam a2200229Ia 4500008004100000020001600041050000800057050001400065245004800079245003600127250001700163260001000180260003900190260000900229300001600238300002000254300001100274650003600285650002500321999001900346952011500365170203s9999 xx 000 0 und d a0 028627660 a423 bW382 1999 aWebster's New World children's dictionary / cMichael Agnes, editor-in-chief. a2nd edition. aUSA : bMacmillan Educational Corporation. c1999 a928 pages : billustrations : c29 cm. aEnglish language Dictionaries-- xJuvenile literature. c305956d305956 001040aSSISBbSSISBc REFd2017-02-03l0oRef. 423 .W382 1999pUS- 1331r2017-02-03 00:00:00w2017-02-03yBK